Monografía del trabajo de certificación : (Registro nro. 3598)
[ vista simple ]
| 000 -LEADER | |
|---|---|
| fixed length control field | 00773nam a2200229Ia 4500 |
| 003 - CONTROL NUMBER IDENTIFIER | |
| control field | PE SENCICO BE |
| 005 - DATE AND TIME OF LATEST TRANSACTION | |
| control field | 20260220212646.0 |
| 008 - FIXED-LENGTH DATA ELEMENTS--GENERAL INFORMATION | |
| fixed length control field | 200515s9999 xx 000 0 und d |
| 040 ## - CATALOGING SOURCE | |
| Original cataloging agency | PE SENCICO BE |
| Transcribing agency | PE SENCICO BE |
| 041 ## - LANGUAGE CODE | |
| Language code of text/sound track or separate title | spa |
| 082 ## - DEWEY DECIMAL CLASSIFICATION NUMBER | |
| Classification number | 692.1 |
| Item number | H82 |
| 100 1# - MAIN ENTRY--PERSONAL NAME | |
| Personal name | Human Santillan, Alejandro A. |
| 9 (RLIN) | 202 |
| Relator term | autor |
| 245 10 - TITLE STATEMENT | |
| Title | Monografía del trabajo de certificación : |
| Remainder of title | dibujo en construcción civil / |
| Statement of responsibility, etc. | Alejandro A. Huamán Santillan |
| 260 ## - PUBLICATION, DISTRIBUTION, ETC. | |
| Place of publication, distribution, etc. | Lima : |
| Date of publication, distribution, etc. | 1996 |
| 300 ## - PHYSICAL DESCRIPTION | |
| Extent | 2 volúmenes : |
| Other physical details | planos ; |
| Dimensions | 29 cm. |
| 650 10 - SUBJECT ADDED ENTRY--TOPICAL TERM | |
| Topical term or geographic name entry element | Dibujo técnico |
| 9 (RLIN) | 388 |
| 650 20 - SUBJECT ADDED ENTRY--TOPICAL TERM | |
| Topical term or geographic name entry element | Dibujo arquitectónico |
| 9 (RLIN) | 387 |
| 650 20 - SUBJECT ADDED ENTRY--TOPICAL TERM | |
| Topical term or geographic name entry element | Instalaciones eléctricas |
| 9 (RLIN) | 349 |
| 650 20 - SUBJECT ADDED ENTRY--TOPICAL TERM | |
| Topical term or geographic name entry element | Instalaciones sanitarias |
| 9 (RLIN) | 332 |
| 710 1# - ADDED ENTRY--CORPORATE NAME | |
| Corporate name or jurisdiction name as entry element | Instituto Superior Enrique Meiggs |
| 9 (RLIN) | 197 |
| 942 ## - ADDED ENTRY ELEMENTS (KOHA) | |
| Koha item type | Libros |
| Source of classification or shelving scheme | Dewey Decimal Classification |
| Fecha de la última vez que lo usaron | Número de ingreso o de inventario | Pago total | Signatura topográfica completa | Código de barras | Tipo de documento | Estado perdido | Sistema de clasificación | Estado dañado | No es para préstamo | Retirado | Ubicación permanente | Ubicación actual | Precio efectivo desde | Fecha de adquisición |
|---|---|---|---|---|---|---|---|---|---|---|---|---|---|---|
| 15/05/2020 | 7738 | 692.1/H82/v. 1 | BibLima26012639 | Libros | Dewey Decimal Classification | Biblioteca Central Lima | Biblioteca Central Lima | |||||||
| 19/01/2026 | 13135 | 692.1/H82/v. 2 | BibLima26012640 | Libros | Dewey Decimal Classification | Biblioteca Central Lima | Biblioteca Central Lima | 19/01/2026 | 19/01/2026 | |||||
| 19/01/2026 | 13134 | 692.1/H82/v. 2/ej. 2 | BibLima26012641 | Libros | Dewey Decimal Classification | Biblioteca Central Lima | Biblioteca Central Lima | 19/01/2026 | 19/01/2026 | |||||
| 20/01/2026 | 7740 | 692.1/H82/v. 1/ej. 2 | BibLima26012642 | Libros | Dewey Decimal Classification | Biblioteca Central Lima | Biblioteca Central Lima | 20/01/2026 | 20/01/2026 |